100 największych miast w Anglii za czasów Wilhelma Zdobywcy - Statystyki

Ogólne statystyki
  • Ten quiz został rozwiązany 44 razy
  • Średni wynik to 9 z 100
Odpowiedzi na mapie
Odpowiedzi zakodowano w zielono-czerwonej skali na mapie do tego quizu, zgodnie z poniższymi procentami.
 
Statystyki odpowiedzi
Populacja Miasto % Poprawnych
25 000 Lunden (Londyn)
100%
2 045 Oxeneford (Oxford)
69%
1 035 Sanctus Eadmundus Berie (Bury St Edmunds)
67%
5 905 Eurvic (York)
56%
2 800 Grentebrige (Cambridge)
56%
2 100 Dovere (Dover)
54%
1 105 Hantune (Southampton)
51%
3 300 Bristou (Bristol)
49%
1 190 Snotingeham (Nottingham)
44%
6 790 Norwic (Norwich)
36%
1 825 Ledecestre (Leicester)
31%
1 475 Northantone (Northampton)
28%
1 640 Cestre (Chester)
26%
1 610 Gepeswic (Ipswich)
26%
3 065 Glowecestre (Gloucester)
26%
2 055 Execestre (Exeter)
23%
2 300 Caunterberie (Canterbury)
21%
5 085 Lincolia (Lincoln)
21%
1 650 Bade (Bath)
18%
8 500 Wincestre (Winchester)
18%
2 075 Colecestre (Colchester)
15%
1 350 Wirecestre (Worcester)
15%
2 485 Haestingas (Hastings)
13%
2 415 Hereford
13%
900 Sarisberie (Salisbury)
13%
1 245 Sciropesberie (Shrewsbury)
10%
800 Bochingheha (Buckingham)
8%
830 Fuleham (Fulham)
8%
1 295 Rouecestre (Rochester)
5%
1 500 Cicestre (Chichester)
3%
1 975 Fulchestan (Folkestone)
3%
1 250 Gernemwa (Great Yarmouth)
3%
910 Gildeford (Guildford)
3%
1 300 Hame (West Ham)
3%
945 Rameslie (Rye)
3%
2 035 Stanford (Stamford)
3%
800 Sudwerche (Southwark)
3%
2395 Tantone (Taunton)
3%
4 205 Tetford (Thetford)
3%
1 835 Warwic (Warwick)
3%
1 530 Alþintone (Aldington)
0%
980 Bartone (Barton-upon-Humber)
0%
1 075 Bongeia (Bungay)
0%
800 Brunlei (Bramley)
0%
975 Buccham (Old Buckenham)
0%
860 Carltorp (Caythorpe)
0%
1 160 Cauna (Calne)
0%
885 Chepeha (Chippenham)
0%
1 065 Ciliecube (Chilcomb)
0%
1 020 Critetone (Crediton)
0%
980 Dicelinges (Ditchling)
0%
950 Dorecestre (Dorchester)
0%
2 425 Dunewic (Dunwich)
0%
900 Givelcestre (Ilchester)
0%
915 Grantham
0%
840 Harundel (Arundel)
0%
905 Hertforde (Hertford)
0%
1 880 Huntedone (Huntingdon)
0%
2 410 Hyþ (Hythe)
0%
975 Inisingetuna (Islington)
0%
820 Inphincha (Fincham)
0%
1 100 Lamport (Langport)
0%
850 Leminges (Lyminge)
0%
2 120 Lewes
0%
945 Lodham (Ludham)
0%
1 170 Melchesha (Melksham)
0%
900 Melduna (Maldon)
0%
1 325 Meleburne (Milborne Port)
0%
1 550 Mellinges (South Malling)
0%
1 965 Middeltune (Milton Regis)
0%
1 195 Niwetone (Newton St Cyres)
0%
875 Niworde (Iford)
0%
1 000 Nortcuri (North Curry)
0%
1 240 Odiham
0%
795 Otefort (Otford)
0%
1 130 Piceha (Patcham)
0%
1 060 Redlinctune (Ridlington)
0%
1 045 Sabrixteworde (Sawbridgeworth)
0%
1 360 Salteode (Saltwood)
0%
2 075 Sandwic (Sandwich)
0%
1 515 Sceptesberie (Shaftesbury)
0%
795 Sciptone (Shipton-under-Wychwood)
0%
1 195 Scireburne (Sherborne)
0%
1 165 Scireburne (Sherburn-in-Elmet)
0%
860 Scoteleia (Shotley)
0%
835 Silletone (Singleton)
0%
1 865 Staninges (Steyning)
0%
915 Stibenhede (Stepney)
0%
1 060 Sudwelle (Southwell)
0%
1 215 Tanet (Minster-in-Thanet)
0%
820 Theodulveside (Tilshead)
0%
1 295 Torchesey (Torksey)
0%
930 Ulvredintone (Werrington)
0%
2 455 Walingeford (Wallingford)
0%
895 Waltuna (West Walton)
0%
850 Westberie (Westbury)
0%
2 065 Wiltun (Wilton)
0%
1 880 Wimundham (Wymondham)
0%
825 Winborne (Wimborne Minster)
0%
890 Writelam (Writtle)
0%
Nie znaleziono quizów pasujących do podanych kryteriów
Rozkład punktacji
Procent ludzi z każdym wynikiem
Percentyl według liczby udzielonych odpowiedzi
Twoja historia wyników
Nie rozwiązałeś tego quizu